000 00344nam a2200109Ia 4500
008 171204s9999 xx 000 0 und d
245 _aKilling Hitler: The Plots, the Assassins, and the Dictator Who Cheated Death:
245 _cRoger Moorhouse
260 _c2006
650 _xHistory
856 _uhttp://down.ebook777.com/063/9780553803693.pdf
999 _c345565
_d345565